Word Ladder: Arboreal Things Quiz Stats

Quiz Updated Oct 5, 2017

Challenge
Share
Tweet
Score 0/10 Timer 01:00
3 Plays Today
Clue 4-Letter Word % Correct
Unable to hearDEAF
99.1%
Common drink on St. Patrick's DayBEER
97%
You walk on themFEET
94.3%
Edible rootBEET
93.8%
Beginning of a note?DEAR
91.2%
____ Xing (road sign)DEER
90.8%
Available FREE
90.3%
A ridge on a guitar neckFRET
90%
An addition to an expandable table•LEAF•
88.2%
A chart for keeping track of genealogy•TREE•
87.6%

Today's Daily Dose

You're not logged in!

Compare scores with friends on all Sporcle quizzes.
Join for Free
OR
Log In

You Might Also Like...

Show Comments

Extras

Top Quizzes Today


Score Distribution

Your Account Isn't Verified!

In order to create a playlist on Sporcle, you need to verify the email address you used during registration. Go to your Sporcle Settings to finish the process.

Report this User

Report this user for behavior that violates our Community Guidelines.

Details: